Word Ladder: Green Things Quiz Stats

 Plays Quiz Updated Jul 16, 2014

Support Sporcle.
Go Orange.
Score 0/28 Timer 03:00
0 Plays Today
Clue 4-Letter Word % Correct
Green citrus fruitLIME
98.9%
Silent performerMIME
97.7%
CreateMAKE
96.3%
Actress WinsletKATE
96.3%
ImpoliteRUDE
95.8%
One with XY chromosomesMALE
95.4%
The Beatles' 'Hey ___'JUDE
95.2%
Green leafy vegetableKALE
94.9%
Green character from 'Monsters, Inc.'MIKE
94.7%
Get on a horseRIDE
94.7%
Rising and falling ocean movementTIDE
92.8%
Pork and chicken, e.g.MEAT
91.8%
Green precious stoneJADE
90.5%
Suffix after entertainMENT
86.9%
Clue 4-Letter Word % Correct
Green refreshing leafMINT
86.8%
Become lighter in colorFADE
86.6%
Green amphibianFROG
85.1%
KismetFATE
83.1%
A bit of a forkTINE
82%
A bit of colorTINT
81.4%
Shredded cabbage saladSLAW
79.5%
Cow's milk supplierTEAT
79.5%
Not this oneTHAT
77.5%
Playwright George BernardSHAW
76.6%
MeltTHAW
73.1%
WhipFLOG
70.8%
Remnants from ore processingSLAG
63.9%
Plod heavily throughSLOG
62.9%

Today's Daily Dose

Missing Word
1961 Movies A-Z

Word Ladder
Study Light

Get the Picture
Bread and Butter

You're not logged in!

Compare scores with friends on all Sporcle quizzes.
OR
Log In

From the Vault

Borders an 'N' Country Minefield

by caramba

This quiz borders on insanity if you don't know your countries.
Remove Ads.
Support Sporcle.
Get the best of Sporcle when you Go Orange. This ad-free experience offers more features, more stats, and more fun while also helping to support Sporcle. Thank you for becoming a member.

Show Comments

Extras

Top Quizzes Today


Score Distribution

Your Account Isn't Verified!

In order to create a playlist on Sporcle, you need to verify the email address you used during registration. Go to your Sporcle Settings to finish the process.

Report this User

Report this user for behavior that violates our Community Guidelines.

Details: